000 00628nam a2200241Ia 4500
003 OSt
005 20221006163951.0
006 a|||||r|||| 00| 0
007 ta
008 221006b |||||||| |||| 00| 0 eng d
024 _a3,759
037 _cAnnuals, Advances
040 _aFML
_cFML
_beng
041 _2eng
_aeng
082 _aNR44,3, L 1.7
100 _aRao Krishna Au.
_9221285
245 0 _aRaag Sangrah Bhaag-7
260 _aPune
_bPoona Gayan Samaj
_c1971
300 _a88
_ccm.
490 _v07
942 _hNR44,3, L 1.7
_cREF
_2CC
999 _c1115834
_d1115834